Tajna agencja do państwa - klikanie - Statystyki

Ogólne statystyki
  • Ten quiz został rozwiązany 31 razy
  • Średni wynik to 7 z 15
Statystyki odpowiedzi
Hint Odpowiedź % Poprawnych
FBI USA
92%
Gestapo III Rzesza
88%
M16 Wielka Brytania
88%
Mosad Izrael
84%
NKWD ZSRR
84%
SB/UB PRL
80%
STASI NRD
72%
SAWAK Iran
36%
CSIS Kanada
24%
DINA Chile
20%
UDBA Jugosławia
20%
AISE Włochy
20%
DGSE Francja
16%
PET Dania
8%
CNI Hiszpania
4%
Nie znaleziono quizów pasujących do podanych kryteriów
Rozkład punktacji
Procent ludzi z każdym wynikiem
Percentyl według liczby udzielonych odpowiedzi
Twoja historia wyników
Nie rozwiązałeś tego quizu